|
|
|
|
| LEADER |
00000nam0a2200000 4500 |
| 001 |
375619 |
| 005 |
20231102012742.0 |
| 035 |
|
|
|a (RuTPU)RU\TPU\retro\33058
|
| 035 |
|
|
|a RU\TPU\book\276089
|
| 090 |
|
|
|a 375619
|
| 100 |
|
|
|a 20221220d1937 k y0rusy50 ca
|
| 101 |
0 |
|
|a rus
|
| 102 |
|
|
|a RU
|
| 105 |
|
|
|a abf z 100zy
|
| 200 |
1 |
|
|a Северная экскурсия. Карельская АССР
|f Международный Геологический Конгресс, XVII сессия ; под ред. А. А. Полканова
|
| 210 |
|
|
|a Москва
|c ОНТИ НКТП СССР
|d 1937
|a Ленинград
|
| 215 |
|
|
|a 131 с.
|c ил., карты
|
| 225 |
1 |
|
|a Международный геологический конгресс
|e XVII сессия, 1937
|
| 317 |
|
|
|5 63413507: 179332
|a Поступила в НТБ в 1940 г. в составе книжного собрания академика М. А. Усова.
|
| 610 |
1 |
|
|a геология
|
| 610 |
1 |
|
|a сессия
|
| 610 |
1 |
|
|a библиотека М. А. Усова
|
| 610 |
1 |
|
|a Карелия
|
| 675 |
|
|
|a 55
|v 3
|
| 702 |
|
1 |
|a Полканов
|b А. А.
|c петрограф
|c геолог
|f 1888-1963
|g Александр Алексеевич
|2 stltpush
|3 (RuTPU)RU\TPU\pers\23902
|4 340
|9 10546
|
| 712 |
1 |
0 |
|a Международный Геологический Конгресс
|b XVII сессия
|e СССР. Москва
|f 1937
|
| 801 |
|
1 |
|a RU
|b 63413507
|c 20090328
|g PSBO
|
| 801 |
|
2 |
|a RU
|b 63413507
|c 20221220
|g PSBO
|
| 942 |
|
|
|c BK
|